<?xml version="1.0" encoding="UTF-8"?>
<record
    xmlns:xsi="http://www.w3.org/2001/XMLSchema-instance"
    xsi:schemaLocation="http://www.loc.gov/MARC21/slim http://www.loc.gov/standards/marcxml/schema/MARC21slim.xsd"
    xmlns="http://www.loc.gov/MARC21/slim">

  <leader>01138cam a22002891  4500</leader>
  <datafield tag="952" ind1=" " ind2=" ">
    <subfield code="0">0</subfield>
    <subfield code="1">0</subfield>
    <subfield code="2">ddc</subfield>
    <subfield code="4">0</subfield>
    <subfield code="7">1</subfield>
    <subfield code="8">NFIC</subfield>
    <subfield code="a">ASL</subfield>
    <subfield code="b">ASL</subfield>
    <subfield code="c">GEN</subfield>
    <subfield code="d">2021-03-09</subfield>
    <subfield code="e">ASB Library Collections</subfield>
    <subfield code="l">0</subfield>
    <subfield code="o">928.8094 NAN</subfield>
    <subfield code="p">107274</subfield>
    <subfield code="r">2021-03-09 00:00:00</subfield>
    <subfield code="t">C-1</subfield>
    <subfield code="w">2021-03-09</subfield>
    <subfield code="y">BK</subfield>
    <subfield code="z">RARE</subfield>
  </datafield>
  <datafield tag="952" ind1=" " ind2=" ">
    <subfield code="0">0</subfield>
    <subfield code="1">0</subfield>
    <subfield code="2">ddc</subfield>
    <subfield code="4">0</subfield>
    <subfield code="7">1</subfield>
    <subfield code="8">NFIC</subfield>
    <subfield code="a">ASL</subfield>
    <subfield code="b">ASL</subfield>
    <subfield code="c">GEN</subfield>
    <subfield code="d">2021-03-09</subfield>
    <subfield code="e">ASB Library Collections</subfield>
    <subfield code="l">0</subfield>
    <subfield code="o">928.8094 NAN</subfield>
    <subfield code="p">107275</subfield>
    <subfield code="r">2021-03-09 00:00:00</subfield>
    <subfield code="t">C-2</subfield>
    <subfield code="w">2021-03-09</subfield>
    <subfield code="y">BK</subfield>
    <subfield code="z">RARE</subfield>
  </datafield>
  <datafield tag="952" ind1=" " ind2=" ">
    <subfield code="0">0</subfield>
    <subfield code="1">0</subfield>
    <subfield code="2">ddc</subfield>
    <subfield code="4">0</subfield>
    <subfield code="7">0</subfield>
    <subfield code="8">NFIC</subfield>
    <subfield code="a">ASL</subfield>
    <subfield code="b">ASL</subfield>
    <subfield code="c">GEN</subfield>
    <subfield code="d">2021-03-09</subfield>
    <subfield code="e">ASB Library Collections</subfield>
    <subfield code="l">0</subfield>
    <subfield code="o">928.8094 NAN</subfield>
    <subfield code="p">107276</subfield>
    <subfield code="r">2021-03-09 00:00:00</subfield>
    <subfield code="t">C-3</subfield>
    <subfield code="w">2021-03-09</subfield>
    <subfield code="y">BK</subfield>
    <subfield code="z">RARE</subfield>
  </datafield>
  <datafield tag="999" ind1=" " ind2=" ">
    <subfield code="c">22934</subfield>
    <subfield code="d">22934</subfield>
  </datafield>
  <controlfield tag="001">6596744</controlfield>
  <controlfield tag="003">BDDh-ASL</controlfield>
  <controlfield tag="005">20231015030157.0</controlfield>
  <controlfield tag="008">830126s1966    pk bcf   b    000 0 eng  </controlfield>
  <datafield tag="010" ind1=" " ind2=" ">
    <subfield code="a">sa 66006625 </subfield>
  </datafield>
  <datafield tag="035" ind1=" " ind2=" ">
    <subfield code="a">(OCoLC)9165810</subfield>
  </datafield>
  <datafield tag="040" ind1=" " ind2=" ">
    <subfield code="a">DLC</subfield>
    <subfield code="c">AzU</subfield>
    <subfield code="d">DLC</subfield>
    <subfield code="d">BDDh-ASL</subfield>
  </datafield>
  <datafield tag="042" ind1=" " ind2=" ">
    <subfield code="a">premarc</subfield>
  </datafield>
  <datafield tag="050" ind1="0" ind2="0">
    <subfield code="a">PK2.Z5</subfield>
    <subfield code="b">B52</subfield>
  </datafield>
  <datafield tag="082" ind1=" " ind2=" ">
    <subfield code="a">928.8094</subfield>
    <subfield code="b">NAN</subfield>
  </datafield>
  <datafield tag="245" ind1="0" ind2="0">
    <subfield code="a">Nalini Kanta Bhattasali commemoration volume: </subfield>
    <subfield code="b">essays on archaeology, art, history, literature and philosophy of the Orient, dedicated to the memory of Dr. Nalini Kanta Bhattasali, 1888-1947 A.D. / </subfield>
    <subfield code="c">Edited by A.B.M. Habibullah.</subfield>
  </datafield>
  <datafield tag="260" ind1=" " ind2=" ">
    <subfield code="a">[Dacca] </subfield>
    <subfield code="b">Dacca Museum,</subfield>
    <subfield code="c">1966.</subfield>
  </datafield>
  <datafield tag="300" ind1=" " ind2=" ">
    <subfield code="a">xiii, xxxi, 360 p. : </subfield>
    <subfield code="b">map, plates, port.</subfield>
    <subfield code="c">25 cm.</subfield>
  </datafield>
  <datafield tag="500" ind1=" " ind2=" ">
    <subfield code="a">Bengali or English.</subfield>
  </datafield>
  <datafield tag="504" ind1=" " ind2=" ">
    <subfield code="a">"Bibliography of the writings of Dr. Nalini Kanta Bhattasali": p. [xi]-xxxi.</subfield>
  </datafield>
  <datafield tag="504" ind1=" " ind2=" ">
    <subfield code="a">Bibliographical footnotes.</subfield>
  </datafield>
  <datafield tag="600" ind1="1" ind2="0">
    <subfield code="a">Bha&#x1E6D;&#x1E6D;a&#x15B;&#x101;l&#x12B;, Nalin&#x12B;k&#x101;nta,</subfield>
    <subfield code="d">1888-1947.</subfield>
  </datafield>
  <datafield tag="650" ind1=" " ind2="0">
    <subfield code="a">Indic studies.</subfield>
  </datafield>
  <datafield tag="700" ind1="1" ind2=" ">
    <subfield code="a">Habibullah, A. B. M.</subfield>
    <subfield code="q">(Abul Barkat Muhammud),</subfield>
    <subfield code="d">1911-1984</subfield>
  </datafield>
  <datafield tag="906" ind1=" " ind2=" ">
    <subfield code="a">7</subfield>
    <subfield code="b">cbc</subfield>
    <subfield code="c">oclcrpl</subfield>
    <subfield code="d">u</subfield>
    <subfield code="e">ncip</subfield>
    <subfield code="f">19</subfield>
    <subfield code="g">y-gencatlg</subfield>
  </datafield>
  <datafield tag="942" ind1=" " ind2=" ">
    <subfield code="2">ddc</subfield>
    <subfield code="c">BK</subfield>
  </datafield>
</record>
